000 00368nam a2200133 4500
005 20260530113853.0
100 1 _aTomás García Salgado
_931412
245 1 0 _aNotas sobre teoría de la Arquitectura
264 1 _bUNAM Fac, de Arquitectura
_c1985
300 _a70 páginas
336 _atexto
_2rdacontent
337 _asin medio
_2rdamedia
338 _avolumen
_2rdacarrier
999 _c11516
_d11516